Oraciones fúnebres de Bossuet, Flechier, Massillon, Mascaron, Bourdalue y La Rue (Registro nro. 305950)
[ vista simple ]
| 000 -ENCABEZADO | |
|---|---|
| Número de control [NR] | 02297nam a2200301Ia 4500 |
| 005 - FECHA Y HORA DE LA ÚLTIMA TRANSACCIÓN | |
| control field | 20170208091337.0 |
| 008 - DE LONGITUD FIJA DE DATOS DE ELEMENTOS - INFORMACIÓN GENERAL | |
| Elementos de longitud fija [NR] | 130821s1852 sp fr 1 spa d |
| 040 ## - FUENTE DE CATALOGACION [NR] | |
| Agencia de catalogación original [NR] | Co-BoUCM |
| Idioma de catalogación [NR] | spa |
| Quien Cataloga | Sandra Yazo |
| Quien Clasifica | Sandra Yazo |
| 041 0# - CODIGO DE IDIOMA [R] | |
| Código de idioma para texto/pista de sonido o título separado [R] | Español |
| 082 04 - NUMERO DE CLASIFICACION DECIMAL DEWEY [R] | |
| Número de clasificación [R] | 265.85 |
| Número de la edición [NR] | 20 |
| 092 ## - SIGNATURA TOPOGRAFICA LOCAL | |
| Número de clasificación local | E42N028 |
| 100 1# - ASIENTO PRINCIPAL--NOMBRE PERSONAL [NR] | |
| Nombre personal [NR] | Bossuet, Jacques-Bénigne |
| Fechas asociadas con el nombre [NR] | 1664-1743 |
| ID Autoridad | 83948 |
| 245 10 - MENCION DE TITULO [NR] | |
| Título [NR] | Oraciones fúnebres de Bossuet, Flechier, Massillon, Mascaron, Bourdalue y La Rue |
| Mención de responsabilidad, etc. [NR] | Publicados bajo la direción de una sociedad de eclesiasticos ... |
| 260 ## - PUBLICACION, DISTRIBUCION, ETC. (PIE DE IMPRENTA) [R] | |
| Lugar de publicación, distribución, etc. [R] | Madrid (España) |
| Nombre del editor, distribuidor, etc. [R] | Librería de L. López |
| -- | Imprenta a Cargo de D. J. Peña, María Cristina |
| Fecha de publicación, distribución, etc. [R] | 1852 |
| 300 ## - DESCRIPCION FISICA [R] | |
| Extensión [R] | viii, 532 páginas |
| Dimensiones [R] | 21 x 14 cm. |
| 490 #0 - MENCION DE SERIE [R] | |
| Mención de serie [R] | Tesoro de Predicadores Ilustres |
| Designación numérica/secuencial del volumen [NR] | 15 |
| 500 ## - NOTA GENERAL [R] | |
| Nota general [NR] | Detalles físicos: Encuadernación rígida en cartón forrado en cuero. Lomo con adornos en dorado, desprendido y roto. Tapas con recuadro en dorado y adornos repujados, ya no tan visible. Guardas en papel de agua. Anteportada. Portada impresa en una sola tinta. Texto en una columna, notas al pie de página. Cortes decorado. Pág. 303 empieza a desprenderse. Papel con notoria deformación de plano, Nota de desinfección AGN 5 sep 2007. Perteneció a la biblioteca de Mons. Rafael María Carrasquilla |
| 505 2# - NOTA DE CONTENIDO CON FORMATO PREESTABLECIDO [R] | |
| Nota de contenido con formato preestablecido [NR] | Oraciones fúnebres de: Enriqueta María de Francia ; Enriqueta Ana de Inglaterra ; María Teresa de Austria ; Ana de Gonzaga de Cleves ; Miguel Le-Tellier ; Luis de Borbón / por Bossuet -- Oraciones fúnebres de: Julia Lucina de Angennes ; María de Wignerod ; Enrique de Latour d’Auvergne ; Guillermo de Lamoignon ; María Teresa de Austria ; Miguel Le-Tellier ; María Ana Cristina de Baviera ; Carlos de San Mauro / Flechier-- Oración fúnebre de Luis el Grande / Massillon -- Oraciones fúnebres de: Enrique de Latour d’Auvergne ; Pedro Seguier / Mascaron ; Oración fúnebre de: Luis de Borbón / Bourdaloue |
| 506 ## - NOTA DE RESTRICCIONES DE ACCESO [R] | |
| Condiciones de acceso [NR] | Consulta en sala |
| 650 #7 - ASIENTO SECUNDARIO DE MATERIA - TERMINO TEMATICO [R] | |
| Término temático o nombre geográfico como elemento de entrada [NR] | Oraciones fúnebres |
| 9 (RLIN) | 20791 |
| 650 #7 - ASIENTO SECUNDARIO DE MATERIA - TERMINO TEMATICO [R] | |
| Término temático o nombre geográfico como elemento de entrada [NR] | Sermones fúnebres |
| 9 (RLIN) | 24244 |
| 690 ## - ASUNTO AGREGADO LOCAL DE ENTRADA - TÉRMINO TEMÁTICO (OCLC, RLIN) | |
| Acceso temático local | Teología |
| 9 (RLIN) | 25230 |
| 700 1# - ASIENTO SECUNDARIO - NOMBRE PERSONAL [R] | |
| Nombre personal [NR] | Fléchier, Esprit |
| Fechas asociadas con el nombre [NR] | 1632-1710 |
| 9 (RLIN) | 83949 |
| 700 1# - ASIENTO SECUNDARIO - NOMBRE PERSONAL [R] | |
| Nombre personal [NR] | Massillon, Jean-Baptiste |
| Fechas asociadas con el nombre [NR] | 1663-1742 |
| 9 (RLIN) | 83950 |
| 700 1# - ASIENTO SECUNDARIO - NOMBRE PERSONAL [R] | |
| Nombre personal [NR] | Mascaron, Jules |
| Fechas asociadas con el nombre [NR] | 1634-1703 |
| 9 (RLIN) | 83951 |
| 700 1# - ASIENTO SECUNDARIO - NOMBRE PERSONAL [R] | |
| Nombre personal [NR] | Bourdaloue, Louis |
| Títulos u otras palabras asociadas con el nombre [R] | 1632-1704 |
| 9 (RLIN) | 77262 |
| 942 ## - ELEMENTOS DE ENTRADA AGREGADOS (KOHA) | |
| Tipo de ítem principal el descrito en 300a | Libro |
| Tema principal | 4 |
| Edición | 1 |
| Sistema de clasificación | LOCAL |
| Clasificación | E42N028 |
| Suprimido | Perdido | Sistema de clasificación | Dañado | No prestable | Tipo de ítem específico | Ubicación habitual | Ubicación actual | Localización | Fecha de creación | Forma de adquisición | Costo | Total préstamos | Signatura topográfica | Código de barras | Última vez visto | Ejemplar | Price effective from | Tipo de ítem |
|---|---|---|---|---|---|---|---|---|---|---|---|---|---|---|---|---|---|---|
| LOCAL | Libro archivo | Archivo Histórico | Archivo Histórico | Archivo histórico | 07/02/2017 | Donación | 0.00 | E42N028 | L006141 | 07/02/2017 | Ej.1 | 07/02/2017 | Libro |